| 000 | 00610nam a22001937a 4500 | ||
|---|---|---|---|
| 005 | 20251108164023.0 | ||
| 008 | 250721s1984 xx 000 0 ara d | ||
| 082 | 1 | 4 | _a216,5/أحم |
| 100 | 1 | _aريان، أحمد علي طه | |
| 245 | 1 | 0 | _aتعدد الزوجات و معيار تحقق العدالة بينهن في الشريعة الإسلامية / |
| 264 | 1 |
_aالقاهرة : _bدار الإعتصام، _c1984. |
|
| 300 | _a101ص | ||
| 650 | 1 | 7 | _aالإسلام |
| 650 | 1 | 7 | _aالفقه |
| 650 | 1 | 7 | _aالأحوال الشخصية |
| 650 | 1 | 7 | _aالزواج |
| 942 |
_2ddc _cBK |
||
| 999 |
_c1584 _d1584 |
||